000 00381nam a2200133Ia 4500
008 220216s9999 xx 000 0 und d
100 _aSubhash Sharma
245 0 _aPlanting and managing : A conceptual framework of plantation management
260 _bPlanters Chronicle
_c1997
300 _a59-65
650 _aPlantation management
650 _aPlanting material
942 _cJS
999 _c65140
_d65140